| 000 | 00359nam a2200145Ia 4500 | ||
|---|---|---|---|
| 008 | 230312s9999||||xx |||||||||||||| ||und|| | ||
| 020 | _a81-775-8481-3 | ||
| 082 |
_a004.165 _bTRI-T |
||
| 100 | _aTriebel | ||
| 245 | 0 | _a8088 and 8086 Microprocessors | |
| 260 |
_bPearson _aIndia _c2013 |
||
| 300 | _a843 | ||
| 650 |
_aComputer _vComputer Sciences |
||
| 942 | _cBK | ||
| 999 |
_c12750 _d12750 |
||